000
00374cam a2200169ua 4500
020
_c
Rs. 1.25
041
_a
mal
_h
082
_a
338.9
_b
HEN/PU
100
_a
Henry, George .
245
_a
Purogathiyum daridriavum
260
_a
Calicut :
_b
P.K Brothers ,
_c
1964.
300
_a
94 ; .
365
_a
Rs. 1.25
504
_a
942
_c
BK
999
_c
632
_d
632